01094nam a2200181Ia 4500001001300000003001000013008004100023040002500064041000700089100001800096245010900114250001100223260003300234300001200267500057800279650003600857700001900893b6046-42131 IT-MiCISF161014s9999||||xx |||||||||||||| ||und|| aIT-MiCISFcIT-MiCISF ait aBianchin Lara 0aGuida alla valutazione e al trattamento delle demenze nell'anzianobStrumenti e tecniche per l'operatore a1a ed. a MilanobFranco Angelic2006 app. 207 a / anziani, malattie-mentali, teoria, terapia / In questo volume le AA. presentano, attraverso un approccio pratico e diretto, un'ampia serie di strumenti per valutare i soggetti con declino cognitivo e le tecniche indispensabili per la riattivazione cognitiva e il trattamento dei disturbi comportamentali. Il libro permette di addentrarsi nel mondo quotidiano del paziente attraverso una nutrita serie di esempi e di casi clinici, senza mai rinunciare ad una rigorosa verifica della qualità delle attività svolte, usando test e scale della misurazione dei risultati.  a Terza età / salute-curae010 aFaggian Silvia